[Event "Paleochora op 15th"]
[Site "Paleochora"]
[Date "2022.07.24"]
[Round "9"]
[White "Kalogeris, Ioannis"]
[Black "Baillon, Olivier"]
[Result "1-0"]
[WhiteElo "2406"]
[BlackElo "2219"]
[PlyCount "103"]
[EventDate "2022.07.17"]
[EventType "swiss"]
[EventRounds "9"]
[EventCountry "GRE"]
[SourceTitle "CBM 209 Extra"]
[Source "ChessBase"]
[SourceDate "2022.09.30"]
[SourceVersion "1"]
[SourceVersionDate "2022.09.30"]
[SourceQuality "1"]

1. e4 c5 2. Nf3 d6 3. Bb5+ Bd7 4. Bxd7+ Nxd7 5. 0-0 Ngf6 6. Re1 e6 7. c3 Be7 8. d4 0-0 9. e5 Ne8 10. exd6 Bxd6 11. Na3 cxd4 12. Nc4 Bc5 13. Nxd4 Nb6 14. Na5 Qe7 15. Nab3 Rd8 16. Qf3 Bxd4 17. Nxd4 Rd5 18. b3 Nd6 19. a4 Qh4 20. Ba3 Nbc8 21. Nb5 Rd8 22. g3 Qf6 23. Qxf6 gxf6 24. Nc7 Rd3 25. Rad1 Nf5 26. Rxd3 Rxd3 27. Ne8 Rxc3 28. Nxf6+ Kg7 29. Ne8+ Kg6 30. Re4 h5 31. g4 Nh6 32. gxh5+ Kxh5 33. Rb4 b6 34. Bb2 Rc5 35. Nf6+ Kg6 36. Nd7 Rc2 37. Be5 Ne7 38. Nf8+ Kf5 39. Bg7 Ng4 40. h3 Nxf2 41. Rh4 Kg5 42. Rh7 Nf5 43. Be5 Nd3 44. Bb8 Rc8 45. Rxf7 Rxb8 46. Nxe6+ Kg6 47. Rxa7 Re8 48. Nc7 Re2 49. Ra8 Ne3 50. Rg8+ Kf5 51. Nb5 Ke4 52. Nc3+ 1-0

[Event "FRA-chT Top 16 Gp Basse"]
[Site "Chartres"]
[Date "2022.06.19"]
[Round "4.4"]
[White "Kirk, Ezra"]
[Black "Baillon, Olivier"]
[Result "0-1"]
[WhiteElo "2457"]
[BlackElo "2197"]
[PlyCount "78"]
[EventDate "2022.06.16"]
[EventType "team-tourn"]
[EventRounds "4"]
[EventCountry "FRA"]
[SourceTitle "CBM 208 Extra"]
[Source "ChessBase"]
[SourceDate "2022.07.31"]
[SourceVersion "1"]
[SourceVersionDate "2022.07.31"]
[SourceQuality "1"]
[WhiteTeam "Agen"]
[BlackTeam "Paris Club 608"]
[WhiteTeamCountry "FRA"]
[BlackTeamCountry "FRA"]

1. e4 c5 2. Nf3 d6 3. Bb5+ Bd7 4. c4 Nf6 5. Nc3 g6 6. d4 cxd4 7. Nxd4 Bg7 8. Be3 0-0 9. Bxd7 Nbxd7 10. 0-0 Qa5 11. Rc1 Rfc8 12. b3 a6 13. a4 e6 14. Nde2 Nc5 15. Qc2 Qb4 16. Rb1 b5 17. Na2 Qa5 18. Bxc5 dxc5 19. Nac3 bxc4 20. bxc4 Ng4 21. h3 Ne5 22. Na2 Nc6 23. Nec1 Nb4 24. Nxb4 cxb4 25. Nd3 Rab8 26. Qb3 Qc7 27. c5 a5 28. Rbc1 Qc6 29. f3 Bc3 30. Rxc3 bxc3 31. Qxc3 Qxa4 32. Qf6 Rb7 33. Rc1 Qa3 34. Rc3 Qa1+ 35. Kh2 Rd7 36. Ne5 Qxc3 37. Nxd7 Qxf6 38. Nxf6+ Kf8 39. Nd7+ Ke7 0-1

[Event "FRA-chT Top 16 GpA"]
[Site "Chartres"]
[Date "2022.06.15"]
[Round "7.5"]
[White "Baillon, Olivier"]
[Black "Flom, Gabriel"]
[Result "0-1"]
[WhiteElo "2197"]
[BlackElo "2428"]
[PlyCount "76"]
[EventDate "2022.06.09"]
[EventType "team-tourn"]
[EventRounds "7"]
[EventCountry "FRA"]
[SourceTitle "CBM 208 Extra"]
[Source "ChessBase"]
[SourceDate "2022.07.31"]
[SourceVersion "1"]
[SourceVersionDate "2022.07.31"]
[SourceQuality "1"]
[WhiteTeam "Paris Club 608"]
[BlackTeam "Tremblay en France"]
[WhiteTeamCountry "FRA"]
[BlackTeamCountry "FRA"]

1. Nf3 g6 2. d4 Nf6 3. b3 Bg7 4. Bb2 0-0 5. g3 d5 6. Bg2 Bg4 7. Nbd2 c6 8. c4 h6 9. Ne5 Bf5 10. f3 Nfd7 11. Nxd7 Qxd7 12. 0-0 Bh3 13. e4 Bxg2 14. Kxg2 dxe4 15. Nxe4 Na6 16. Qd2 b5 17. Rfd1 bxc4 18. bxc4 Rab8 19. Ba3 f5 20. Nc5 Nxc5 21. Bxc5 Rb7 22. Qe2 Rfb8 23. Rd2 Bf6 24. Re1 Kf7 25. f4 h5 26. h4 a5 27. Qe3 Rb1 28. Rxb1 Rxb1 29. Qd3 Re1 30. d5 cxd5 31. Qxd5+ Qxd5+ 32. cxd5 Re4 33. Kf3 Rc4 34. Bb6 Rc3+ 35. Kf2 a4 36. Ba5 Rc4 37. a3 Bd4+ 38. Ke2 Bc5 0-1

[Event "FRA-chT Top 12"]
[Site "Chalons en Champagne"]
[Date "2021.07.04"]
[Round "11.2"]
[White "Dutreuil, Raphael"]
[Black "Baillon, Olivier"]
[Result "1-0"]
[WhiteElo "2309"]
[BlackElo "2213"]
[PlyCount "61"]
[EventDate "2021.06.24"]
[EventType "team-tourn"]
[EventRounds "11"]
[EventCountry "FRA"]
[SourceTitle "CBM 203 Extra"]
[Source "ChessBase"]
[SourceDate "2021.09.30"]
[SourceVersion "1"]
[SourceVersionDate "2021.09.30"]
[SourceQuality "1"]
[WhiteTeam "Villejuif"]
[BlackTeam "Paris Club 608"]
[WhiteTeamCountry "FRA"]
[BlackTeamCountry "FRA"]

1. Nf3 c5 2. g3 Nc6 3. Bg2 g6 4. d4 cxd4 5. Nxd4 Bg7 6. Nb3 d6 7. 0-0 h5 8. h3 Be6 9. c3 Qd7 10. h4 Bh3 11. N1d2 Nf6 12. Nf3 0-0 13. Bg5 b5 14. Bxh3 Qxh3 15. Bxf6 Bxf6 16. Qd5 Ne5 17. Nxe5 Bxe5 18. Nd4 Bxg3 19. fxg3 Qxg3+ 20. Qg2 Qxh4 21. Nf5 Qc4 22. Nxe7+ Kh7 23. Nd5 f5 24. Nf4 Rg8 25. Rad1 Rae8 26. Qd5 Qc8 27. Qxd6 Rg7 28. Rf2 Ree7 29. Rd3 h4 30. Rg2 Rd7 31. Qf6 1-0

[Event "FRA-chT Top 12"]
[Site "Chalons en Champagne"]
[Date "2021.07.01"]
[Round "8.5"]
[White "Velten, Paul"]
[Black "Baillon, Olivier"]
[Result "1-0"]
[WhiteElo "2482"]
[BlackElo "2213"]
[PlyCount "73"]
[EventDate "2021.06.24"]
[EventType "team-tourn"]
[EventRounds "11"]
[EventCountry "FRA"]
[SourceTitle "CBM 203 Extra"]
[Source "ChessBase"]
[SourceDate "2021.09.30"]
[SourceVersion "1"]
[SourceVersionDate "2021.09.30"]
[SourceQuality "1"]
[WhiteTeam "Chalons en Champagne"]
[BlackTeam "Paris Club 608"]
[WhiteTeamCountry "FRA"]
[BlackTeamCountry "FRA"]

1. d4 d5 2. c4 e6 3. Nf3 Nf6 4. Nc3 Bb4 5. cxd5 exd5 6. Bg5 h6 7. Bh4 Bf5 8. Qb3 Nc6 9. e3 0-0 10. Bb5 g5 11. Bg3 Ne4 12. Bxc6 Bxc3+ 13. bxc3 bxc6 14. Qb7 Nxg3 15. hxg3 Qd6 16. Ne5 f6 17. Nxc6 a5 18. Qb5 Kg7 19. c4 Bd7 20. cxd5 Rfb8 21. Qc4 Rb6 22. Rc1 Bxc6 23. dxc6 Rb4 24. Qc2 Rab8 25. 0-0 R8b6 26. Qe4 R4b5 27. Rc2 f5 28. Qe8 Rd5 29. Rfc1 f4 30. gxf4 gxf4 31. exf4 Qxf4 32. Re1 Rf5 33. g3 Qf3 34. Re7+ Rf7 35. Rxf7+ Qxf7 36. Qe5+ Kg6 37. Kg2 1-0

[Event "FRA-chT Top 12"]
[Site "Chalons en Champagne"]
[Date "2021.06.27"]
[Round "4.3"]
[White "Baillon, Olivier"]
[Black "Daulyte Cornette, Deimante"]
[Result "0-1"]
[WhiteElo "2213"]
[BlackElo "2394"]
[PlyCount "38"]
[EventDate "2021.06.24"]
[EventType "team-tourn"]
[EventRounds "11"]
[EventCountry "FRA"]
[SourceTitle "CBM 203 Extra"]
[Source "ChessBase"]
[SourceDate "2021.09.30"]
[SourceVersion "1"]
[SourceVersionDate "2021.09.30"]
[SourceQuality "1"]
[WhiteTeam "Paris Club 608"]
[BlackTeam "Chartres"]
[WhiteTeamCountry "FRA"]
[BlackTeamCountry "FRA"]

1. Nf3 c5 2. c4 Nc6 3. Nc3 Nf6 4. g3 e6 5. Bg2 d5 6. cxd5 exd5 7. d4 cxd4 8. Nxd4 Bc5 9. Nb3 Bb6 10. Nxd5 Be6 11. e4 Bg4 12. f3 Be6 13. Qe2 Nxd5 14. exd5 Qxd5 15. f4 Qc4 16. Be4 0-0-0 17. Nd2 Qxe2+ 18. Kxe2 Rhe8 19. Kf1 Nd4 0-1

[Event "Avoine op 34th"]
[Site "Avoine"]
[Date "2019.07.20"]
[Round "7"]
[White "Wlodarczyk, Cyril"]
[Black "Baillon, Olivier"]
[Result "0-1"]
[WhiteElo "2098"]
[BlackElo "2279"]
[PlyCount "58"]
[EventDate "2019.07.20"]
[EventType "swiss"]
[EventRounds "9"]
[EventCountry "FRA"]
[SourceTitle "EXT 2020"]
[Source "ChessBase"]
[SourceDate "2019.10.17"]
[SourceVersion "1"]
[SourceVersionDate "2019.10.17"]
[SourceQuality "1"]

1. e4 g6 2. Nf3 Bg7 3. d4 c6 4. a4 d5 5. Nc3 Bg4 6. Be3 Nf6 7. e5 Ne4 8. Nxe4 dxe4 9. h3 Bxf3 10. gxf3 exf3 11. Qxf3 Qb6 12. Bd3 Qxb2 13. 0-0 Qb6 14. d5 Qd8 15. dxc6 Nxc6 16. e6 0-0 17. exf7+ Kh8 18. Rad1 Qc7 19. Qg3 e5 20. Bxg6 Ne7 21. Bxh7 Kxh7 22. Qh4+ Kg6 23. Kh2 Kxf7 24. f4 Kg8 25. Qg4 Nf5 26. Bc1 Qxc2+ 27. Rd2 Qxa4 28. Rg2 Rf7 29. Rb2 Ne3 0-1

[Event "FRA-chT1B 0809"]
[Site "France"]
[Date "2009.03.14"]
[Round "8.5"]
[White "Baillon, Olivier"]
[Black "Chaumont, Adeline"]
[Result "1-0"]
[WhiteElo "2269"]
[BlackElo "2083"]
[PlyCount "109"]
[EventDate "2008.10.19"]
[EventType "team-tourn"]
[EventRounds "11"]
[EventCountry "FRA"]
[SourceTitle "EXT 2010"]
[Source "ChessBase"]
[SourceDate "2010.11.25"]
[SourceVersion "1"]
[SourceVersionDate "2010.11.25"]
[SourceQuality "1"]
[WhiteTeam "Club 608"]
[BlackTeam "Echiquier Berry Sologne"]
[WhiteTeamCountry "FRA"]
[BlackTeamCountry "FRA"]

1. e4 c6 2. Nc3 d5 3. Nf3 dxe4 4. Nxe4 Bf5 5. Ng3 Bg6 6. h4 h6 7. Ne5 Qd6 8. d4 Nd7 9. Nxg6 Qxg6 10. Bd3 Qd6 11. Nf5 Qc7 12. h5 e6 13. Qe2 0-0-0 14. Ne3 Ngf6 15. Bd2 Nb6 16. c3 Nbd5 17. Nxd5 Nxd5 18. g3 c5 19. dxc5 Bxc5 20. Rh4 Kb8 21. Kf1 Qe7 22. Be4 f5 23. Bc2 Qf6 24. Re1 Rhe8 25. c4 Nc7 26. Ba4 Rf8 27. Bc3 Qe7 28. Qe5 Rf7 29. f4 Rd3 30. Rd1 Bd6 31. Rxd3 Bxe5 32. Bxe5 Qf8 33. Rh2 a6 34. Rd6 Ka7 35. Bd4+ Kb8 36. Bc5 Qg8 37. Rhd2 Rf8 38. Bb6 e5 39. Bb3 exf4 40. c5 Qh8 41. Rd7 Rc8 42. Bxc7+ Rxc7 43. Rd8+ Qxd8 44. Rxd8+ Ka7 45. gxf4 Rxc5 46. Rd5 Rc1+ 47. Ke2 Rh1 48. Rxf5 Rh2+ 49. Kf3 Rxb2 50. Rf7 Kb8 51. Rxg7 Rh2 52. Bf7 Rc2 53. Rg6 Rc7 54. Bd5 Rh7 55. f5 1-0

[Event "FRA-chT2 Nord 0708"]
[Site "France"]
[Date "2008.04.06"]
[Round "11.2"]
[White "Bouhallel, Rabah"]
[Black "Baillon, Olivier"]
[Result "0-1"]
[WhiteElo "2287"]
[BlackElo "2265"]
[PlyCount "132"]
[EventDate "2007.10.21"]
[EventType "team"]
[EventRounds "11"]
[EventCountry "FRA"]
[SourceTitle "EXT 2009"]
[Source "ChessBase"]
[SourceDate "2008.11.26"]
[SourceVersion "1"]
[SourceVersionDate "2008.11.26"]
[SourceQuality "1"]
[WhiteTeam "Lille"]
[BlackTeam "Club 608"]
[WhiteTeamCountry "FRA"]
[BlackTeamCountry "FRA"]

1. e4 e6 2. d4 d5 3. Nc3 Nc6 4. Nf3 Nf6 5. e5 Ne4 6. Bd3 Bb4 7. Bd2 Nxd2 8. Qxd2 f6 9. a3 Bxc3 10. Qxc3 fxe5 11. Bb5 0-0 12. Bxc6 exd4 13. Nxd4 bxc6 14. 0-0 Qd6 15. Nxc6 Bb7 16. Na5 Ba6 17. Rfd1 c5 18. Qg3 Qb6 19. b4 c4 20. c3 Rac8 21. Re1 Bb5 22. Rad1 Rf6 23. Qe3 Rc7 24. Qd4 Be8 25. Re3 Bg6 26. Rd2 Be8 27. f3 Kf8 28. Kf2 Ba4 29. Qe5 Rcf7 30. Rd4 Qc7 31. Rd2 Qxe5 32. Rxe5 Rc7 33. Ke2 h6 34. Ke3 g5 35. Rd4 Rg7 36. h3 h5 37. Rd2 Rfg6 38. Kd4 Rc7 39. Ke3 Kf7 40. Kd4 h4 41. Rb2 a6 42. Rf2 Ke7 43. Rfe2 Kd6 44. Rd2 Rf7 45. Re1 Rf4+ 46. Ke3 Rg7 47. Rd4 e5 48. Rd2 Rc7 49. Rc1 Rd7 50. Kf2 Rc7 51. Ke3 Ke6 52. Kf2 Bb5 53. Re1 Rd7 54. Rde2 Rf5 55. Ra2 Ba4 56. Rd2 Kf7 57. Kg1 Ke6 58. Kf2 Rc7 59. Kg1 Kd6 60. Kf2 Rf6 61. Re4 Rf4 62. Re1 d4 63. Re4 Rxe4 64. fxe4 Ke7 65. Ra2 dxc3 66. Ra1 c2 0-1

[Event "Paris-ch"]
[Site "Paris"]
[Date "2006.07.12"]
[Round "6"]
[White "Baillon, Olivier"]
[Black "Derieux, Christian"]
[Result "1-0"]
[WhiteElo "2207"]
[BlackElo "2145"]
[PlyCount "51"]
[EventDate "2006.07.08"]
[EventType "swiss"]
[EventRounds "9"]
[EventCountry "FRA"]
[SourceTitle "EXT 2007"]
[Source "ChessBase"]
[SourceDate "2006.11.23"]
[SourceVersion "1"]
[SourceVersionDate "2006.11.23"]
[SourceQuality "1"]

1. e4 c5 2. Nf3 d6 3. d4 Nf6 4. Bb5+ Nbd7 5. e5 Qa5+ 6. Nc3 a6 7. Bxd7+ Nxd7 8. exd6 cxd4 9. Qxd4 e5 10. Qd3 Nc5 11. Qd5 Be6 12. d7+ Bxd7 13. Qxe5+ Be6 14. a3 Qd8 15. Be3 f6 16. Qg3 Bd6 17. Qxg7 Rg8 18. Qxh7 Qb6 19. b4 Qc6 20. Bxc5 0-0-0 21. Qe4 Bxc5 22. Qxc6+ bxc6 23. bxc5 Bc4 24. Nd2 Rge8+ 25. Kd1 Rd4 26. Kc1 1-0

[Event "Paris-ch"]
[Site "Paris"]
[Date "2006.07.12"]
[Round "2"]
[White "Baillon, Olivier"]
[Black "Feuga, Quentin"]
[Result "0-1"]
[WhiteElo "2207"]
[BlackElo "2038"]
[PlyCount "104"]
[EventDate "2006.07.08"]
[EventType "swiss"]
[EventRounds "9"]
[EventCountry "FRA"]
[SourceTitle "EXT 2007"]
[Source "ChessBase"]
[SourceDate "2006.11.23"]
[SourceVersion "1"]
[SourceVersionDate "2006.11.23"]
[SourceQuality "1"]

1. e4 e6 2. d4 d5 3. e5 c5 4. c3 Qb6 5. Nf3 Nc6 6. a3 Bd7 7. b4 cxd4 8. cxd4 Rc8 9. Bb2 Na5 10. Nbd2 Nc4 11. Nxc4 dxc4 12. Rc1 Qa6 13. d5 exd5 14. Qxd5 Be6 15. Qe4 Ne7 16. Nd4 b5 17. Be2 Bd5 18. Qe3 g6 19. 0-0 Bg7 20. f4 Qb6 21. Rf2 0-0 22. f5 gxf5 23. Qg3 Be6 24. Qg5 Ng6 25. Nxf5 Bxf5 26. Qxf5 Rce8 27. Kf1 Bxe5 28. Bxe5 Rxe5 29. Qb1 Rfe8 30. Rc3 Qe6 31. Qc2 Re3 32. g3 Rxc3 33. Qxc3 Qe5 34. Qf3 Re7 35. Kg1 Rc7 36. Bd1 c3 37. Bb3 Kg7 38. Kg2 f6 39. h4 Qd4 40. h5 Ne7 41. Re2 f5 42. Kh3 h6 43. Bc2 Qg4+ 44. Qxg4+ fxg4+ 45. Kxg4 Rc4+ 46. Kf3 Nc6 47. Ke3 Nd4 48. Rf2 Nxc2+ 49. Rxc2 Kf6 50. Ke2 Kg5 51. Kf3 Kxh5 52. g4+ Kg5 0-1

[Event "Bois Colombes op 2nd"]
[Site "Bois Colombes"]
[Date "2005.12.23"]
[Round "3"]
[White "Baillon, Olivier"]
[Black "Chartier, Antoine"]
[Result "1-0"]
[WhiteElo "2232"]
[BlackElo "2104"]
[PlyCount "82"]
[EventDate "2005.12.21"]
[EventType "swiss"]
[EventRounds "6"]
[EventCountry "FRA"]
[SourceTitle "EXT 2007"]
[Source "ChessBase"]
[SourceDate "2006.11.23"]
[SourceVersion "1"]
[SourceVersionDate "2006.11.23"]
[SourceQuality "1"]

1. e4 Nf6 2. e5 Nd5 3. d4 d6 4. c4 Nb6 5. exd6 cxd6 6. Nc3 g6 7. h3 Bg7 8. Nf3 0-0 9. Be2 Nc6 10. 0-0 Bf5 11. Bf4 e5 12. Bg5 Bf6 13. Bxf6 Qxf6 14. d5 Ne7 15. a4 h5 16. Nd2 Qh4 17. g4 hxg4 18. hxg4 Bd7 19. Nde4 f5 20. Nxd6 Kg7 21. Kg2 Rh8 22. Rh1 Qf6 23. Ncb5 fxg4 24. Qd3 Rh3 25. Ne4 Qf4 26. Rxh3 gxh3+ 27. Kh1 Rh8 28. Nbc3 Nf5 29. a5 Nc8 30. Qd2 Qxd2 31. Nxd2 Nd4 32. c5 Ne7 33. Bd3 Rf8 34. Nde4 Bg4 35. d6 Bf3+ 36. Kh2 Nef5 37. Ng5 Rh8 38. Be4 Bxe4 39. Ncxe4 Nh4 40. Ra3 Rf8 41. Rxh3 Nhf5 1-0

[Event "Paris Apsap op 74th"]
[Site "Paris"]
[Date "2004.08.15"]
[Round "9"]
[White "Sulypa, Oleksandr"]
[Black "Baillon, Olivier"]
[Result "1-0"]
[WhiteElo "2469"]
[BlackElo "2242"]
[PlyCount "73"]
[EventDate "2004.08.??"]
[EventType "swiss"]
[EventRounds "9"]
[EventCountry "FRA"]
[SourceTitle "EXT 2005"]
[Source "ChessBase"]
[SourceDate "2004.11.15"]
[SourceVersion "1"]
[SourceVersionDate "2004.11.15"]
[SourceQuality "1"]

1. d4 d5 2. c4 e6 3. Nc3 c5 4. cxd5 exd5 5. Nf3 Nc6 6. g3 Nf6 7. Bg2 Be7 8. 0-0 0-0 9. Bg5 c4 10. Ne5 Be6 11. b3 Qa5 12. Qd2 Rfd8 13. Nxc6 bxc6 14. bxc4 dxc4 15. Bxc6 Rac8 16. Bg2 h6 17. Bxf6 Bxf6 18. e3 Bf5 19. Rfc1 Qa3 20. Be4 Be6 21. Rab1 Rc5 22. Nb5 Qa6 23. Qb4 Rcc8 24. Nc3 Qd6 25. Qxd6 Rxd6 26. Bb7 Rb8 27. Ne4 Rb6 28. Nxf6+ gxf6 29. Rxb6 axb6 30. Bc6 b5 31. e4 Rb6 32. d5 Bg4 33. Kg2 Be2 34. a3 Kf8 35. f4 Ke7 36. Kf2 Bd3 37. Ke3 1-0

[Event "Paris Apsap op 74th"]
[Site "Paris"]
[Date "2004.08.13"]
[Round "6"]
[White "Baillon, Olivier"]
[Black "Onkoud, Abdelaziz"]
[Result "1/2-1/2"]
[WhiteElo "2242"]
[BlackElo "2381"]
[PlyCount "107"]
[EventDate "2004.08.??"]
[EventType "swiss"]
[EventRounds "9"]
[EventCountry "FRA"]
[SourceTitle "EXT 2005"]
[Source "ChessBase"]
[SourceDate "2004.11.15"]
[SourceVersion "1"]
[SourceVersionDate "2004.11.15"]
[SourceQuality "1"]

1. e4 c5 2. Nf3 d6 3. d4 cxd4 4. Qxd4 Nc6 5. Bb5 Bd7 6. Bxc6 Bxc6 7. Nc3 Nf6 8. Bg5 e6 9. 0-0-0 Be7 10. Qd3 Qa5 11. h4 Qa6 12. Qxa6 bxa6 13. Nd4 Bb7 14. f3 0-0 15. Nb3 Rac8 16. g4 Rc7 17. Rh2 Rfc8 18. Rd3 h6 19. Bf4 Ne8 20. g5 h5 21. Be3 Ba8 22. f4 g6 23. Rf2 f5 24. exf5 gxf5 25. Bd4 Rd7 26. Nd2 Bd8 27. b3 Nc7 28. a4 Nd5 29. Nxd5 Bxd5 30. Kb2 Ba5 31. c3 Rb7 32. Ka3 Rcb8 33. c4 Bb4+ 34. Ka2 Bc6 35. Re2 Bxd2 36. Rexd2 Be4 37. Rc3 Kf7 38. Bf6 Rd7 39. Ka3 a5 40. Rc1 Rdb7 41. Rc3 Rd7 42. c5 Bd5 43. cxd6 Rxd6 44. Be5 Rc6 45. g6+ Ke8 46. Rg3 Rbc8 47. g7 Kf7 48. Rdd3 Rc2 49. Rc3 R2xc3 50. Bxc3 Kg8 51. Bxa5 e5 52. fxe5 f4 53. Rd3 Bc6 54. Be1 1/2-1/2

[Event "FRA-chT2 0304"]
[Site "France"]
[Date "2003.11.15"]
[Round "2"]
[White "Baillon, Olivier"]
[Black "Laurent, Bruno"]
[Result "0-1"]
[WhiteElo "2219"]
[BlackElo "2365"]
[PlyCount "40"]
[EventDate "2003.10.??"]
[EventType "team"]
[EventRounds "11"]
[EventCountry "FRA"]
[SourceTitle "EXT 2005"]
[Source "ChessBase"]
[SourceDate "2004.11.15"]
[SourceVersion "1"]
[SourceVersionDate "2004.11.15"]
[SourceQuality "1"]
[WhiteTeam "Paris APSAP"]
[BlackTeam "Arras"]
[WhiteTeamCountry "FRA"]
[BlackTeamCountry "FRA"]

1. e4 e5 2. Nf3 Nf6 3. Nxe5 d6 4. Nf3 Nxe4 5. Nc3 Nxc3 6. dxc3 Be7 7. Bf4 0-0 8. Qd2 Nd7 9. 0-0-0 Nc5 10. Be3 Re8 11. h4 Bg4 12. Bc4 Ne6 13. Rdg1 Nf8 14. Ng5 Be6 15. Nxe6 Nxe6 16. g4 c6 17. g5 d5 18. Bf1 Bc5 19. Bd4 Qa5 20. Bxc5 Qxa2 0-1

[Event "FRA-chT2W 0203"]
[Site "France"]
[Date "2003.03.16"]
[Round "9"]
[White "Roumegous, Etienne"]
[Black "Baillon, Olivier"]
[Result "1/2-1/2"]
[WhiteElo "2113"]
[BlackElo "2241"]
[PlyCount "126"]
[EventDate "2002.10.??"]
[EventType "team"]
[EventRounds "11"]
[EventCountry "FRA"]
[SourceTitle "EXT 2004"]
[Source "ChessBase"]
[SourceDate "2003.11.25"]
[SourceVersion "1"]
[SourceVersionDate "2003.11.25"]
[SourceQuality "1"]
[WhiteTeam "Evry II"]
[BlackTeam "Clermont Ferrand"]
[WhiteTeamCountry "FRA"]
[BlackTeamCountry "FRA"]

1. d4 d5 2. c4 e6 3. Nc3 c5 4. cxd5 exd5 5. Nf3 Nc6 6. e3 Nf6 7. Be2 Be7 8. 0-0 0-0 9. dxc5 Bxc5 10. Nb5 Re8 11. b3 Ne4 12. Bb2 a6 13. Nbd4 Qd6 14. a3 Bg4 15. b4 Bb6 16. Qd3 Rad8 17. Rac1 Bc7 18. Rc2 Ne7 19. b5 a5 20. Rfc1 Bb8 21. a4 Qh6 22. g3 Nc8 23. Nb3 Nb6 24. Nxa5 Nc4 25. Nxc4 dxc4 26. Qxc4 Nxf2 27. Bd4 Nh3+ 28. Kg2 Bf5 29. Bd3 Be6 30. Qc3 Bd5 31. e4 Bxe4 32. Bxe4 Rxe4 33. Bxg7 Nf4+ 34. gxf4 Qxg7+ 35. Qxg7+ Kxg7 36. Rc4 Rxf4 37. Rxf4 Bxf4 38. Rc4 Be3 39. a5 Rd5 40. Rb4 Bc5 41. Rb3 Bd6 42. Kf2 Bc7 43. a6 bxa6 44. bxa6 Ra5 45. Rb7 Bd6 46. a7 Bc5+ 47. Kg3 Rxa7 48. Rxa7 Bxa7 49. Ng5 Bb8+ 50. Kg2 f6 51. Ne4 f5 52. Ng5 Be5 53. Nf3 Bf6 54. Kg3 Kg6 55. Kf4 h6 56. h3 Bg5+ 57. Kg3 f4+ 58. Kg2 Kf5 59. Nd2 Ke5 60. Kf3 Kd4 61. h4 Bxh4 62. Kxf4 Bg5+ 63. Kf3 Bxd2 1/2-1/2

[Event "FRA-chT2W 0203"]
[Site "France"]
[Date "2003.03.15"]
[Round "8"]
[White "Baillon, Olivier"]
[Black "Bergez, Luc"]
[Result "0-1"]
[WhiteElo "2241"]
[BlackElo "2363"]
[PlyCount "62"]
[EventDate "2002.10.??"]
[EventType "team"]
[EventRounds "11"]
[EventCountry "FRA"]
[SourceTitle "EXT 2004"]
[Source "ChessBase"]
[SourceDate "2003.11.25"]
[SourceVersion "1"]
[SourceVersionDate "2003.11.25"]
[SourceQuality "1"]
[WhiteTeam "Clermont Ferrand"]
[BlackTeam "Evry"]
[WhiteTeamCountry "FRA"]
[BlackTeamCountry "FRA"]

1. e4 c5 2. Nf3 d6 3. d4 cxd4 4. Qxd4 a6 5. c4 Nc6 6. Qd2 Nf6 7. Nc3 e6 8. b3 Be7 9. Bb2 0-0 10. Be2 Qc7 11. 0-0 b6 12. Rfe1 Bb7 13. Rad1 Rac8 14. Nd4 Rfd8 15. Bf1 Nxd4 16. Qxd4 Bc6 17. a4 Qb7 18. g3 Bf8 19. Bg2 Nd7 20. b4 Qc7 21. Rc1 Bb7 22. Nd1 a5 23. bxa5 bxa5 24. Qd2 Ba6 25. Bc3 Qxc4 26. Bxa5 Qxc1 27. Qxc1 Rxc1 28. Bxd8 Ne5 29. Ba5 Nd3 30. Rf1 Nb4 31. Bxb4 Bxf1 0-1

[Event "FRA-chT2W 0203"]
[Site "France"]
[Date "2003.01.19"]
[Round "6"]
[White "Baillon, Olivier"]
[Black "Pasquier, Thomas"]
[Result "1-0"]
[WhiteElo "2241"]
[BlackElo "2239"]
[PlyCount "80"]
[EventDate "2002.10.??"]
[EventType "team"]
[EventRounds "11"]
[EventCountry "FRA"]
[SourceTitle "EXT 2004"]
[Source "ChessBase"]
[SourceDate "2003.11.25"]
[SourceVersion "1"]
[SourceVersionDate "2003.11.25"]
[SourceQuality "1"]
[WhiteTeam "Clermont Ferrand"]
[BlackTeam "Le Mans"]
[WhiteTeamCountry "FRA"]
[BlackTeamCountry "FRA"]

1. e4 e6 2. d4 d5 3. e5 c5 4. c3 Nc6 5. Nf3 Bd7 6. Be2 Nge7 7. a3 a5 8. h4 h6 9. g4 a4 10. Nbd2 cxd4 11. cxd4 Qb6 12. Nf1 Na5 13. Rb1 Bb5 14. Ng3 Bxe2 15. Qxe2 g6 16. 0-0 Nec6 17. Be3 Nc4 18. Rfc1 N6a5 19. Kh2 Be7 20. Kh3 Kd7 21. Ne1 Rac8 22. Rd1 Nb3 23. f4 Rcg8 24. Nf3 f5 25. exf6 Bxf6 26. Bg1 Re8 27. Qd3 Rhg8 28. Re1 Qd6 29. Bh2 Qf8 30. Re2 Qg7 31. Rd1 Qf7 32. h5 Bh8 33. Ne5+ Nxe5 34. Qb5+ Kd8 35. dxe5 Qd7 36. Qb4 Kc8 37. hxg6 Rxg6 38. Ne4 Kb8 39. f5 Rgg8 40. f6 Rc8 1-0

[Event "FRA-chT2W 0203"]
[Site "France"]
[Date "2003.01.18"]
[Round "5"]
[White "Chabradze, Boris"]
[Black "Baillon, Olivier"]
[Result "0-1"]
[WhiteElo "2101"]
[BlackElo "2241"]
[PlyCount "78"]
[EventDate "2002.10.??"]
[EventType "team"]
[EventRounds "11"]
[EventCountry "FRA"]
[SourceTitle "EXT 2004"]
[Source "ChessBase"]
[SourceDate "2003.11.25"]
[SourceVersion "1"]
[SourceVersionDate "2003.11.25"]
[SourceQuality "1"]
[WhiteTeam "Nantes"]
[BlackTeam "Clermont Ferrand"]
[WhiteTeamCountry "FRA"]
[BlackTeamCountry "FRA"]

1. e4 e6 2. Nc3 d5 3. Nf3 Nf6 4. exd5 exd5 5. d4 Be7 6. Bf4 0-0 7. Bd3 Bg4 8. h3 Bh5 9. Qd2 Bxf3 10. gxf3 Nh5 11. Bh6 Kh8 12. Rg1 f5 13. 0-0-0 f4 14. Bg6 hxg6 15. Rxg6 Rf6 16. Qd3 gxh6 17. Rdg1 c6 18. Qf5 Ng7 19. Qe5 Rxg6 20. Rxg6 Qf8 21. Rxh6+ Kg8 22. Nxd5 Bd8 23. Qe4 Qf5 24. Ne7+ Bxe7 25. Qxe7 Nd7 26. Rd6 Nb6 27. Rf6 Qd7 28. Qe4 Nd5 29. Rh6 Qf5 30. Rh4 Re8 31. Qxf5 Nxf5 32. Rg4+ Kf7 33. c4 Nb4 34. a3 Nd3+ 35. Kd2 Nxb2 36. Kc3 Nd1+ 37. Kd2 Nxf2 38. Rxf4 Kf6 39. h4 c5 0-1

[Event "Paris-ch op"]
[Site "Paris"]
[Date "2001.07.24"]
[Round "4"]
[White "Helstroffer, Arnaud"]
[Black "Baillon, Olivier"]
[Result "1-0"]
[WhiteElo "2056"]
[BlackElo "2223"]
[PlyCount "51"]
[EventDate "2001.07.21"]
[EventType "swiss"]
[EventRounds "9"]
[EventCountry "FRA"]
[SourceTitle "CBM 083 Extra"]
[Source "ChessBase"]
[SourceDate "2001.09.11"]
[SourceVersion "1"]
[SourceVersionDate "2001.09.11"]
[SourceQuality "1"]

1. e4 e6 2. d4 d5 3. Nc3 Nf6 4. e5 Nfd7 5. f4 c5 6. Nf3 Nc6 7. Be3 cxd4 8. Nxd4 Qb6 9. Qd2 Qxb2 10. Rb1 Qa3 11. Bb5 Nxd4 12. Bxd4 Bb4 13. Rb3 Qa5 14. 0-0 a6 15. Rfb1 Be7 16. Bxd7+ Bxd7 17. Rxb7 Rc8 18. Qe3 Rc4 19. f5 Bc8 20. Rxe7+ Kxe7 21. Qg5+ Ke8 22. Bb6 Qxb6+ 23. Rxb6 Rxc3 24. Rd6 Bd7 25. Qxg7 Rf8 26. Rxd7 1-0